[Event "5th Nebesna Sotnya Rapid 2018"]
[Site "Lutsk"]
[Date "2018.02.17"]
[Round "4"]
[White "Bordovsky, Vladimir"]
[Black "Mischuk, Dmitry"]
[Result "1/2-1/2"]
[WhiteElo "2380"]
[BlackElo "2439"]
[Annotator "TA"]
[PlyCount "261"]
[EventDate "2018.??.??"]
[EventType "swiss"]
[EventCountry "UKR"]
[SourceTitle "playchess.com"]
[Source "ChessBase"]
[SourceQuality "1"]

{[%evp 10,261,9,16,11,8,3,-6,0,-16,-8,-16,-9,-22,-15,-21,-18,-29,-17,-20,35,35,45,37,43,37,52,54,45,41,49,44,56,44,51,11,8,0,9,8,15,0,0,0,10,0,0,1,25,29,58,0,37,21,59,58,78,69,76,69,137,134,147,143,157,141,181,178,173,191,320,329,306,110,446,430,540,519,513,187,204,202,202,191,587,578,576,39,39,39,39,39,39,39,39,39,39,39,39,19,39,39,56,33,31,19,25,14,14,14,20,0,8,8,8,8,35,35,35,35,35,34,36,36,35,35,35,0,35,0,35,31,33,34,36,34,35,35,36,36,43,18,40,8,8,8,8,8,8,8,8,8,8,8,8,8,8,8,8,8,8,8,8,8,8,8,59,8,8,8,66,8,59,59,59,8,59,52,52,8,8,8,8,0,0,0,0,0,0,0,0,0,8,0,8,8,8,0,8,0,0,0,0,0,0,0,0,0,0,0,0,0,0,0,0,0,0,0,8,8,8,0,8,0,0,0,0,0,0,0,0,0,0,0,0,0,0,0,0,0,0,0,0,0,0,0,0,0,0,0,0,0,0,0]} 1. Nf3 d5 2. d4 Nf6 3. e3 c6 4. c4 Bg4 5. Qb3 Qb6 6. Ne5 Bf5 {D11: Slav Defence: 3 Nf3 sidelines and 3...Nf6 4 e3 Bg4} 7. Nc3 (7. cxd5 Qxb3 8. axb3 Nxd5 9. Be2 Nd7 10. Nxd7 Kxd7 11. O-O e6 12. Na3 Nb4 13. Nc4 Be7 14. Bd2 {1-0 (27) Giri,A (2798)-Smeets,J (2614) Amstelveen 2015}) 7... e6 8. Be2 Nbd7 9. Nxd7 Nxd7 10. O-O Be7 11. Qxb6 $146 ({Predecessor:} 11. Qd1 O-O 12. b3 Rad8 13. Bb2 {0-1 (68) Ivanov,S (2261)-Nikolov,S (2438) Sentjur 2010}) 11... axb6 12. f3 Bg6 13. b3 O-O 14. a4 Bc2 (14... dxc4 $11 15. bxc4 Rfd8) 15. Ba3 $14 Bxa3 16. Rxa3 Bg6 17. Rfa1 Ra7 18. b4 Rfa8 19. R3a2 Kf8 20. Kf2 Ke7 21. c5 bxc5 22. bxc5 e5 23. Rb2 exd4 24. exd4 Kd8 25. Rb4 Kc7 26. Ra2 Nf8 27. Rab2 Ne6 28. g3 {[%cal Bg2g3,Bg3g4,Bg4g5][%mdl 32]} f6 29. f4 {[%cal Bf3f4,Bf4f5][%mdl 32]} Re8 30. Bg4 (30. h4 $14) 30... Nd8 31. f5 $36 {[%mdl 2048] White is pushing.} Bf7 32. Bf3 Bg8 33. g4 Bf7 34. h4 {[%cal Bh2h4,Bh4g5][%mdl 32]} h6 (34... h5 $14) 35. Rb1 Re7 36. Rg1 Bg8 37. Rb2 Ra8 {[#]} 38. g5 $1 {[%cal Rg5f6]} hxg5 39. hxg5 Bf7 (39... fxg5 {is a better defense.} 40. Rxg5 Rd7) 40. g6 $18 Be8 41. Bxd5 $2 (41. Rh1 $18 {is more deadly.}) 41... Rd7 $2 {[%mdl 8192]} (41... Bd7 $16 {is more resistant.}) 42. Re2 Bxg6 43. Be6 ({Not} 43. fxg6 cxd5 44. Re8 b6 $16) 43... Bh5 44. Re3 $2 (44. Bxd7 Bxe2 45. Rxg7) 44... Rxd4 45. Rxg7+ Kb8 {[#]} 46. Rh3 $1 {[%cal Rh3h5]} Bg4 $2 (46... Rf4+ 47. Ke3 Nxe6 48. fxe6 Rf5) 47. Rh8 Ka7 48. Rgg8 $2 (48. Ke3 $18) 48... Bxf5 $1 $14 49. Bxf5 Rf4+ 50. Ke3 Rxf5 51. Rxd8 Rxd8 52. Rxd8 {Hoping for Ne4.} Rxc5 {[%mdl 4096] Endgame KRN-KR} 53. Kd4 Rf5 54. Ne4 Rf1 55. Rf8 f5 {...Rf4 is the strong threat.} 56. Nd6 Rf4+ 57. Kc5 {Intending Nc8+ and mate.} Rxa4 58. Rf7 Ra5+ 59. Kb4 Rd5 60. Rxb7+ Ka6 61. Rd7 f4 62. Rd8 f3 63. Ra8+ Kb6 64. Nc4+ Kc7 65. Ra7+ Kb8 66. Rf7 Rb5+ 67. Kc3 Rd5 68. Kb4 Rb5+ 69. Kc3 Rd5 70. Nb6 Ra5 71. Kd4 Ra3 72. Kc5 Rc3+ 73. Nc4 Kc8 74. Kd4 Rb3 75. Na5 Ra3 76. Nxc6 f2 77. Ne7+ Kd7 78. Nd5+ Kd6 79. Rf6+ Kd7 80. Rxf2 Ra1 81. Rf7+ Ke6 82. Rf6+ Kd7 83. Ne3 Ke7 84. Rh6 Kd7 85. Nc4 Ke7 86. Ne5 Rd1+ 87. Kc5 Rd2 (87... Kd8 $11) 88. Nc4 (88. Kb6 $1 $14) 88... Rd1 $11 89. Ne3 Rd2 (89... Rc1+ $11 90. Kd4 Kf7) 90. Nf5+ (90. Nd5+ $14 Kf7 91. Rf6+ Kg7 92. Rb6) 90... Kf7 (90... Kd8 $11) 91. Nd4 $14 Rd1 92. Kd5 (92. Rh7+ $14 Kf6 93. Kd5) 92... Rd2 ({Black should try} 92... Ke8 $11) 93. Ke5 Rd1 94. Rf6+ Ke7 {The position is equal.} 95. Nf5+ Kd7 96. Rh6 Kc7 97. Nd4 Rg1 98. Rf6 Rg5+ 99. Ke4 {Strongly threatening Ne6+.} Rg1 100. Nb5+ Kd7 101. Nc3 Rg4+ 102. Kd5 Rg5+ 103. Kd4 Rg1 104. Ne4 Ra1 105. Kd5 Rd1+ 106. Ke5 Rh1 107. Nc5+ Kc7 108. Kd5 Rd1+ 109. Kc4 Rc1+ 110. Kd4 Rd1+ 111. Ke5 Rh1 112. Ne6+ Kc6 113. Nd4+ Kc5 114. Rc6+ Kb4 115. Rc8 Rh2 116. Nc2+ Kb5 117. Ne3 Rh1 118. Kd4 Rh4+ 119. Kd3 Rh3 120. Rc1 Kb6 121. Kd4 Rh4+ 122. Ke5 Rh5+ 123. Nf5 Rh2 124. Kd5 Rh5 125. Rb1+ Kc7 126. Ke6 Rh2 127. Ne3 Re2 128. Rb3 Re1 129. Rc3+ Kb6 130. Kd6 Kb7 131. Rb3+ {Precision: White = 50%, Black = 58%.} 1/2-1/2

[Event "5th Nebesna Sotnya Rapid 2018"]
[Site "Lutsk"]
[Date "2018.02.17"]
[Round "4"]
[White "Terletsky, Oleg"]
[Black "Golubka, Petro"]
[Result "0-1"]
[WhiteElo "2343"]
[BlackElo "2422"]
[Annotator "TA"]
[PlyCount "46"]
[EventDate "2018.??.??"]
[EventType "swiss"]
[EventCountry "UKR"]
[SourceTitle "playchess.com"]
[Source "ChessBase"]
[SourceQuality "1"]

{[%evp 33,46,0,0,-191,-180,-530,-527,-515,-533,-506,-506,-552,-552,-585,-573]} 1. e4 c5 2. Nf3 d6 3. d4 cxd4 4. Nxd4 Nf6 5. Nc3 Nc6 6. Bc4 e6 7. Be3 Be7 8. Qe2 a6 9. O-O-O Qc7 10. Bb3 Na5 11. g4 Nxb3+ 12. axb3 b5 13. g5 Nd7 14. Nf5 exf5 15. Nd5 Qd8 16. exf5 Bb7 17. f6 Bxd5 {LiveBook: 22 Games. B89: Sicilian: Velimirovic Attack} (17... gxf6 18. Rhe1 Bxd5 19. Rxd5 Rg8 20. Bf4 Kf8 21. Bxd6 Bxd6 22. Rxd6 Rxg5 23. Qd2 Ra7 24. Rd1 Qb8 25. h4 Rg2 26. Kb1 Qc7 27. h5 Kg8 28. h6 {1-0 (56) Nepomniachtchi,I (2624)-Popov,I (2568) Dagomys 2009}) 18. fxe7 $2 {[#]} (18. fxg7 $11 {and White stays safe.} Rg8 19. Rxd5 Rxg7 20. f4) 18... Qa5 $19 19. Rxd5 $2 (19. Qd3 {is a better chance.} Bxh1 20. Qxd6 Qa1+ 21. Kd2 Qxb2 22. Bd4) 19... Qa1+ {Black is clearly winning.} 20. Kd2 Qxh1 21. Rxd6 $146 ({Find the theoretical novelty and annotate with similar games:} 21. Qd3 Ne5 22. Rxe5 dxe5 23. Bb6 Kxe7 24. Bc5+ Ke8 25. Qd6 Rd8 {0-1 (25) Fernandez Aguilar,F (1924)-Monraba Capella,M (2263) Sabadell 2011}) 21... Qe4 22. Rd4 Qxe7 23. Qg4 Ne5 0-1

[Event "5th Nebesna Sotnya Rapid 2018"]
[Site "Lutsk"]
[Date "2018.02.17"]
[Round "5"]
[White "Mischuk, Dmitry"]
[Black "Bogdanovich, Stanislav"]
[Result "0-1"]
[WhiteElo "2439"]
[BlackElo "2560"]
[Annotator "TA"]
[PlyCount "62"]
[EventDate "2018.??.??"]
[EventType "swiss"]
[EventCountry "UKR"]
[SourceTitle "playchess.com"]
[Source "ChessBase"]
[SourceQuality "1"]

{[%evp 16,62,-4,-18,0,-38,-42,-28,-31,-58,-72,-61,-12,-14,-18,-54,-43,-37,-41,-65,-71,-149,-89,-87,-95,-95,-89,-168,-156,-352,-348,-406,-413,-405,-400,-406,-395,-442,-431,-440,-417,-418,-422,-495,-496,-502,-496,-489,-456]} 1. e4 g6 2. d4 Bg7 3. Nc3 c5 4. d5 d6 5. Nf3 Nf6 6. h3 O-O 7. Bc4 {A43: Alt-Benoni} (7. Bd3 e6 8. O-O exd5 9. exd5 Na6 10. a3 Nc7 11. Bc4 Rb8 12. a4 b6 13. Bg5 h6 14. Bh4 g5 15. Bg3 {0-1 (40) Le Roux,J (2560)-Iturrizaga Bonelli,E (2665) London 2017}) 7... b5 8. Nxb5 Nxe4 9. O-O {LiveBook: 7 Partien. Die Stellung ist ausgeglichen.} Nd7 10. Qe2 Nef6 11. Bb3 a6 12. Na3 Nb6 13. c4 $146 ({Vorgänger:} 13. Rd1 Bf5 14. c4 Rb8 {0-1 (34) Skutta,B (2142)-Catarineu Navines,F (1994) La Laguna 2010}) 13... a5 14. Bc2 Re8 15. Rd1 e5 16. Bg5 Ba6 17. Nb5 a4 (17... Bxb5 {with more complications.} 18. cxb5 h6 19. Bh4 a4 20. Rac1 Qc7) 18. b3 ({Günstiger ist} 18. Nd2) 18... axb3 (18... Bxb5 $142 19. cxb5 e4) 19. axb3 $17 Bxb5 20. Rxa8 Qxa8 21. cxb5 (21. Bxf6 $17 {war angesagt.} Bxf6 22. cxb5) 21... Nfxd5 $19 {[#] Und weiter mit ...Sc3 wäre nett.} ({Ein No Go ist} 21... Nbxd5 22. Bxf6 Bxf6 23. Qe4 $15) 22. Qe4 $2 (22. Be4 $17 Nc3 23. Bxa8 Nxe2+ 24. Kf1 Nxa8 25. Kxe2) 22... f5 23. Qh4 e4 24. Nd2 Nc3 25. Re1 Nxb5 26. Nc4 Nxc4 27. bxc4 Nd4 28. Bd1 Qa2 29. Bf6 {Schwarz steht klar auf Gewinn.} Qxc4 30. Bxd4 cxd4 31. Qg3 {[#] zielt auf Lb3 ab.} Qc3 {Precision: Weiß = 44%, Schwarz = 70%.} 0-1

[Event "5th Nebesna Sotnya Rapid 2018"]
[Site "Lutsk"]
[Date "2018.02.17"]
[Round "5"]
[White "Bortnyk, Mykola"]
[Black "Omelja, Artem"]
[Result "1/2-1/2"]
[WhiteElo "2432"]
[BlackElo "2445"]
[Annotator "TA"]
[PlyCount "154"]
[EventDate "2018.??.??"]
[EventType "swiss"]
[EventCountry "UKR"]
[SourceTitle "playchess.com"]
[Source "ChessBase"]
[SourceQuality "1"]

{[%evp 23,154,-6,40,24,24,28,37,26,26,0,6,0,0,0,10,6,37,22,26,0,23,0,11,-12,-10,-17,65,60,54,67,85,77,84,84,85,84,95,76,73,68,92,92,100,85,83,78,76,70,129,102,135,115,116,104,102,53,56,6,97,73,281,281,280,279,256,249,260,256,231,215,198,252,225,259,259,229,171,157,173,178,562,427,587,508,455,137,1066,1000,927,260,260,260,260,260,260,229,229,229,229,185,185,185,229,229,229,229,229,229,229,229,229,229,229,229,229,229,229,0,229,229,229,229,229,97,97,97,97,97,97,97,97,0,0]} 1. Nf3 d5 2. b3 Nf6 3. Bb2 e6 4. e3 Be7 5. c4 O-O 6. Qc2 Nbd7 7. Nc3 c6 8. d4 b6 9. Bd3 Bb7 10. O-O h6 {D46: Semi-Slav: 5 e3 Nbd7 6 Bd3, Black avoids the Meran} 11. Rad1 Qc7 12. Ne5 Rac8 {LiveBook: 3 Games} 13. Nxd7 $146 ({Predecessor:} 13. Qe2 Rfd8 14. f4 c5 15. cxd5 Nxd5 16. Nb5 Qb8 17. Nxd7 Rxd7 18. f5 Bg5 19. fxe6 fxe6 {1-0 (40) Kramnik,V (2766)-Van Wely,L (2683) Wijk aan Zee 2007}) 13... Nxd7 14. e4 dxc4 15. bxc4 e5 16. d5 Bc5 17. dxc6 Bxc6 18. Nd5 Qb8 19. Be2 Rfe8 20. Bg4 Rcd8 21. Qe2 Nf8 22. Kh1 Ne6 23. Qf3 Bd4 24. Bc1 Ng5 (24... Nc5 $11) 25. Bxg5 $14 hxg5 26. Qf5 $1 Bxd5 27. cxd5 Rd6 28. Qxg5 Rg6 29. Qh4 $1 Qd8 30. Qxd8 (30. Qh3 {keeps more tension.} Qe7 31. Rc1 Rh6 32. Qg3 b5 33. Rc2) 30... Rxd8 31. h3 Bc5 32. g3 b5 33. f4 Bd4 34. Rc1 Ra6 35. Rc2 g6 ({Black should try} 35... b4 $14) 36. Rb1 Ra5 37. Kg2 Kg7 38. Rb3 Rd6 39. a3 Rda6 40. Rc7 {Black must now prevent Be6.} Rf6 (40... b4 $11) 41. f5 $36 {[%mdl 2048] White is in control.} a6 $2 (41... Ra4 $16 {was necessary.}) 42. h4 $1 $18 Ra4 {intending ...Bb6.} 43. fxg6 Kxg6 44. Bf5+ Kg7 45. g4 Rc4 46. Rxc4 bxc4 {[%mdl 4096] Endgame KRB-KRB} 47. Rb7 (47. Rb4 $142) 47... Rb6 48. Rxb6 $1 Bxb6 {KB-KB} 49. Kf3 Bc5 50. a4 $1 a5 51. Ke2 Kf8 $2 (51... Be7 52. g5 Bb4) 52. Bd7 Ke7 53. Bb5 c3 54. Kd3 Bf2 $2 {[%mdl 8192]} (54... Bb4 $16 55. Bc4 Kf6) 55. h5 Be1 56. d6+ $2 (56. h6 Kf6 57. g5+ $1 {[%mdl 512]} Kg6 58. Bd7) 56... Kxd6 57. h6 Bh4 58. h7 {g5 would kill now.} Bf6 59. g5 {[%cal Bg4g5,Bg5g6][%mdl 32]} Bh8 60. Kxc3 Kc5 61. Be8 f6 62. g6 Bg7 63. Kd3 Bh8 64. Ke3 Kd6 65. Kf3 Ke7 66. Bb5 Bg7 67. Kg4 Bh8 68. Bc4 Bg7 69. Kf5 Bh8 70. Kg4 Bg7 71. Ba2 Bh8 72. Kh5 Bg7 73. h8=Q (73. Bd5 $18 {has better winning chances.}) 73... Bxh8 $16 74. Kh6 {Kh7 is the strong threat.} f5 75. exf5 Kf6 {[#]} 76. Bb1 $1 Bg7+ {[#]} 77. Kh7 (77. Kh5 $1 $16) 77... Bf8 {Precision: White = 58%, Black = 49%.} 1/2-1/2

[Event "5th Nebesna Sotnya Rapid 2018"]
[Site "Lutsk"]
[Date "2018.02.17"]
[Round "5"]
[White "Golubka, Petro"]
[Black "Simantsev, Mikhail"]
[Result "1/2-1/2"]
[WhiteElo "2422"]
[BlackElo "2418"]
[Annotator "TA"]
[PlyCount "71"]
[EventDate "2018.??.??"]
[EventType "swiss"]
[EventCountry "UKR"]
[SourceTitle "playchess.com"]
[Source "ChessBase"]
[SourceQuality "1"]

{[%evp 19,71,0,0,-21,-19,-33,-23,-29,0,-34,-29,-36,0,-9,-20,-50,-50,-63,-46,-73,-25,-36,-22,-18,-16,-57,-8,-48,-14,-51,-13,-13,-24,-16,-16,-26,0,0,0,0,0,0,0,0,14,0,0,0,0,0,0,0,0,0]} 1. d4 Nf6 2. c4 e6 3. Nf3 b6 4. a3 Bb7 5. Nc3 d5 6. cxd5 Nxd5 7. Qc2 Be7 8. e4 Nxc3 9. bxc3 O-O 10. Bd3 c5 {LiveBook: 550 Games} 11. e5 {E12: Queen's Indian: Unusual White 4th moves, 4 a3, 4 Nc3 Bb7 5 a3 and 4 Nc3 Bb7} h6 12. Be3 cxd4 13. cxd4 {Black has an edge.} Qd5 14. O-O $146 ({Predecessor:} 14. Qd2 Nc6 15. Bxh6 Nxd4 16. Nxd4 gxh6 17. Qxh6 Qxe5+ 18. Qe3 Qg7 19. Nc2 Rac8 20. Rd1 Rfd8 21. Ke2 Qg4+ 22. Ke1 Bf6 {0-1 (22) Zarrouati,P (2193)-Fedorchuk,S (2633) Tournefeuille 2009}) 14... Rc8 15. Qe2 Nc6 16. Rfd1 Na5 17. a4 Rc7 18. Qf1 Rac8 19. Nd2 Qd7 20. Qe2 Rc3 21. Ne4 Qd5 {[#] Hoping for ...Rxd3!} 22. f3 R3c7 23. Rab1 Qd7 24. Qf2 Nc4 ({Of course not} 24... Qxa4 $6 25. Nd6 $14) (24... Bxe4 {is more complex.} 25. Bxe4 Nc4 26. Bf4 Na3 27. Ra1 Nc2) 25. Nf6+ Bxf6 ({But not} 25... gxf6 $6 26. Bxh6 Kh8 27. Qh4 $16) 26. exf6 {[#] Bxh6! is the strong threat.} Nxe3 27. Qxe3 gxf6 28. Qxh6 {The position is equal.} Qxd4+ 29. Kh1 {Threatening mate with Bh7+.} f5 30. Bxf5 Qg7 31. Qh4 Rc4 32. Rd8+ Rxd8 33. Qxd8+ Qf8 34. Qg5+ Qg7 35. Qd8+ Qf8 36. Qg5+ {Precision: White = 43%, Black = 55%.} 1/2-1/2

[Event "5th Nebesna Sotnya Rapid 2018"]
[Site "Lutsk"]
[Date "2018.02.17"]
[Round "5"]
[White "Kislinsky, Alexey"]
[Black "Oleksienko, Mikhailo"]
[Result "1/2-1/2"]
[WhiteElo "2407"]
[BlackElo "2538"]
[Annotator "TA"]
[PlyCount "43"]
[EventDate "2018.??.??"]
[EventType "swiss"]
[EventCountry "UKR"]
[SourceTitle "playchess.com"]
[Source "ChessBase"]
[SourceQuality "1"]

{[%evp 28,43,4,0,29,41,31,40,22,-12,-6,-8,-6,-17,-13,-17,-24,-23]} 1. e4 c5 2. c3 d5 3. exd5 Qxd5 4. d4 Nf6 5. Nf3 e6 6. Be2 Be7 7. O-O cxd4 8. cxd4 Nc6 9. Nc3 Qd6 10. Nb5 Qd8 11. Bf4 Nd5 12. Bg3 O-O 13. Rc1 a6 14. Nc3 Nxc3 15. bxc3 {LiveBook: 38 Games} Ba3 {B22: Sicilian: 2 c3} (15... Bf6 16. Rb1 Qa5 17. Qc2 e5 18. Bd3 g6 19. dxe5 Nxe5 20. Nxe5 Bxe5 21. c4 Bxg3 22. hxg3 Rb8 23. Be4 {½-½ (77) Zhigalko,S (2640)-Navara,D (2722) Katowice 2010}) 16. Rb1 b5 17. Bd3 $146 ({Predecessor:} 17. c4 Na7 18. c5 Bb7 19. Qd3 b4 20. Ne5 Bd5 21. Nc4 Nb5 22. Nxa3 bxa3 23. Qd2 {1-0 (38) Cappon,J (2204)-Genzling,A (2383) Cappelle-la-Grande 2016}) 17... Bb7 {White is slightly better.} 18. Qc2 h6 19. Qe2 Ne7 20. Ne5 Rc8 21. Rb3 Bd6 $1 22. c4 1/2-1/2

[Event "5th Nebesna Sotnya Rapid 2018"]
[Site "Lutsk"]
[Date "2018.02.17"]
[Round "5"]
[White "Razin, Vadim"]
[Black "Stupak, Kirill"]
[Result "0-1"]
[WhiteElo "2377"]
[BlackElo "2559"]
[Annotator "TA"]
[PlyCount "100"]
[EventDate "2018.??.??"]
[EventType "swiss"]
[EventCountry "UKR"]
[SourceTitle "playchess.com"]
[Source "ChessBase"]
[SourceQuality "1"]

{[%evp 16,100,8,-22,-8,-47,-33,-30,-20,-26,-27,-24,-25,-33,-18,-29,-21,-31,-10,-4,-7,-16,-1,-17,-21,-25,-21,-29,-20,-21,-16,-19,0,0,0,0,0,0,0,-6,0,0,0,0,0,-15,-18,-14,-15,-72,-75,-63,-71,-103,-97,-162,-148,-158,-141,-219,-219,-210,-233,-277,-276,-453,-450,-829,-822,-883,-881,-847,-827,-29951,-5724,-5635,-5081,-1721,-913,-913,-913,-29976,-29977,-29977,-29977,-29975,-29977]} 1. d4 Nf6 2. Nf3 g6 3. Bg5 Bg7 4. Nbd2 d5 5. e3 O-O 6. c3 c5 7. Bd3 Nc6 8. O-O Qb6 {D03: Damenbauernspiele} (8... b6 9. Ne5 Nxe5 10. dxe5 Nd7 11. f4 f6 12. exf6 exf6 13. Bh4 Bb7 14. e4 c4 15. Be2 Nc5 16. exd5 b5 {0-1 (54) Ovod,E (2364)-Vykouk,J (2435) Katowice 2017}) 9. Qb1 {LiveBook: 8 Partien} Nd7 10. Bf4 Re8 $146 {Schwarz steht etwas besser.} ({Vorgänger:} 10... e5 11. dxe5 Ndxe5 12. Nxe5 Nxe5 13. Bc2 {½-½ (25) Capeletti,C (1747)-Duarte,J Porto Alegre 2012}) 11. Qc2 e5 12. dxe5 Ndxe5 13. Nxe5 Nxe5 14. Bxe5 Bxe5 15. e4 Qc7 16. g3 Be6 17. exd5 Bxd5 18. Be4 Be6 19. Rfe1 Rad8 20. Nf1 {[%cal Bd2f1,Bf1e3,Be3g2][%mdl 32]} b5 21. Ne3 f5 {[%cal Bf7f5,Bf5f4][%mdl 32]} 22. Bf3 f4 23. Ng2 Kg7 24. Rad1 Rxd1 ({Ein No Go ist} 24... Bxa2 $6 25. Rxd8 Rxd8 26. b3 $16) 25. Qxd1 fxg3 26. hxg3 Bf7 27. a3 {[#]} b4 $1 {[%mdl 512]} 28. axb4 cxb4 29. cxb4 Qb6 30. Qd2 Rd8 31. Qe3 Bd4 32. Qe2 (32. Qd2 $11) 32... Qxb4 $17 33. Qe7 Qb6 $36 {[%mdl 2048] Weiss muss aufpassen.} 34. Rf1 Bf6 35. Qe2 (35. Qe4 $17) 35... Qxb2 $19 36. Qe3 Qd4 {...Dxe3 ist eine echte Drohung.} 37. Qa3 (37. Rb1 $17) 37... Qd3 38. Qxd3 Rxd3 39. Be4 Rd4 40. Bf3 $2 (40. Bc6 {war einen Versuch wert.}) 40... a5 41. Rb1 (41. Ra1 $142 Rd3 42. Be4 Bxa1 43. Bxd3) 41... a4 42. Rb7 a3 43. Nf4 a2 44. Ne6+ Kh6 45. Rxf7 a1=Q+ 46. Kg2 Rd6 47. Nc5 Qa2 48. Rb7 Rd2 {Schwarz setzt Matt.} 49. Ne4 {[#]} Rxf2+ $1 50. Nxf2 Bd4 {Precision: Weiß = 45%, Schwarz = 67%.} 0-1

[Event "5th Nebesna Sotnya Rapid 2018"]
[Site "Lutsk"]
[Date "2018.02.17"]
[Round "5"]
[White "Solovchuk, Oleksiy"]
[Black "Peng, Li Min"]
[Result "1/2-1/2"]
[WhiteElo "2364"]
[BlackElo "2404"]
[Annotator "ChessBase"]
[PlyCount "174"]
[EventDate "2018.??.??"]
[EventType "swiss"]
[EventCountry "UKR"]
[SourceTitle "playchess.com"]
[Source "ChessBase"]
[SourceQuality "1"]
[TimeControl "1200+5"]

1. c4 {[%emt 0:00:00]} f5 {[%emt 0:00:15]} 2. Nc3 {[%emt 0:00:00]} Nf6 {[%emt 0:00:01]} 3. g3 {[%emt 0:00:11]} g6 {[%emt 0:00:01]} 4. Bg2 {[%emt 0:00:01]} Bg7 {[%emt 0:00:01]} 5. d4 {[%emt 0:00:20]} O-O {[%emt 0:00:01]} 6. Bg5 {[%emt 0:00:02]} d6 {[%emt 0:00:43]} 7. Qd2 {[%emt 0:00:45]} Nc6 {[%emt 0:01:06]} 8. Rc1 {[%emt 0:01:26]} e6 {[%emt 0:05:00]} 9. Nf3 {[%emt 0:00:26]} Qe8 {[%emt 0:00:01]} 10. O-O {[%emt 0:00:41]} Ne4 {[%emt 0:02:20]} 11. Nxe4 {[%emt 0:00:39]} fxe4 {[%emt 0:00:01]} 12. Ne1 {[%emt 0:00:01]} Nxd4 {[%emt 0:00:01]} 13. Bxe4 {[%emt 0:00:14]} Bd7 {[%emt 0:00:02]} 14. b3 {[%emt 0:01:34]} Bc6 {[%emt 0:00:10]} 15. Bg2 {[%emt 0:00:57]} Bxg2 {[%emt 0:02:37]} 16. Nxg2 {[%emt 0:00:05]} b6 {[%emt 0:00:08]} 17. f3 {[%emt 0:01:44]} Qf7 {[%emt 0:01:14]} 18. Be3 {[%emt 0:00:08]} Nf5 {[%emt 0:00:14]} 19. Bf2 {[%emt 0:00:21]} Qf6 {[%emt 0:00:01]} 20. Rcd1 {[%emt 0:00:41]} Qb2 {[%emt 0:01:12]} 21. Qxb2 {[%emt 0:00:22]} Bxb2 {[%emt 0:00:01]} 22. Nf4 {[%emt 0:00:05]} Kf7 {[%emt 0:00:01]} 23. e4 {[%emt 0:00:19]} Ne7 {[%emt 0:00:05]} 24. Nd3 {[%emt 0:00:04]} Bg7 {[%emt 0:00:10]} 25. Be3 {[%emt 0:02:53]} a5 {[%emt 0:00:45]} 26. a4 {[%emt 0:00:07]} Nc6 {[%emt 0:00:48]} 27. Nf2 {[%emt 0:00:16]} Nb4 {[%emt 0:00:11]} 28. Rd2 {[%emt 0:00:41]} Bc3 {[%emt 0:00:01]} 29. Re2 {[%emt 0:00:01]} Ke7 {[%emt 0:00:01]} 30. Kg2 {[%emt 0:00:01]} Nc6 {[%emt 0:00:05]} 31. Rd1 {[%emt 0:00:08]} e5 {[%emt 0:00:24]} 32. Bh6 {[%emt 0:00:34]} Rh8 {[%emt 0:01:26]} 33. Ng4 {[%emt 0:00:11]} Bd4 {[%emt 0:00:17]} 34. f4 {[%emt 0:00:25]} exf4 {[%emt 0:00:41]} 35. gxf4 {[%emt 0:00:10]} Kf7 {[%emt 0:00:01]} 36. e5 {[%emt 0:01:05]} dxe5 {[%emt 0:02:20]} 37. fxe5 {[%emt 0:00:02]} Ke6 {[%emt 0:00:11]} 38. Rf1 Ne7 39. Rf6+ Kd7 40. Rf7 {[%emt 0:01:33]} Ke6 {[%emt 0:00:04]} 41. Rf6+ Kd7 42. Rd2 {[%emt 0:00:32]} c5 {[%emt 0:00:02]} 43. Rxb6 {[%emt 0:00:15]} Rhb8 {[%emt 0:00:23]} 44. e6+ {[%emt 0:00:29]} Kc8 {[%emt 0:00:24]} 45. Rb5 {[%emt 0:00:14]} Rxb5 {[%emt 0:00:01]} 46. cxb5 {[%emt 0:00:06]} Rb8 {[%emt 0:00:06]} 47. Bf8 {[%emt 0:00:46]} Nf5 {[%emt 0:00:14]} 48. Rc2 {[%emt 0:00:46]} Kb7 {[%emt 0:00:08]} 49. Bh6 {[%emt 0:00:28]} Re8 {[%emt 0:00:02]} 50. Re2 {[%emt 0:00:05]} Kc7 {[%emt 0:00:07]} 51. Bf4+ {[%emt 0:00:05]} Kc8 {[%emt 0:00:02]} 52. Kf1 {[%emt 0:00:23]} Ng7 {[%emt 0:00:01]} 53. Bd2 {[%emt 0:00:17]} Nxe6 {[%emt 0:00:04]} 54. Bxa5 {[%emt 0:00:03]} Rf8+ {[%emt 0:00:01]} 55. Ke1 {[%emt 0:00:05]} Nf4 {[%emt 0:00:00]} 56. Re7 {[%emt 0:00:09]} h5 {[%emt 0:00:15]} 57. Ne3 {[%emt 0:00:07]} Bxe3 {[%emt 0:00:02]} 58. Rxe3 {[%emt 0:00:32]} Ng2+ {[%emt 0:00:01]} 59. Ke2 {[%emt 0:00:00]} Nxe3 {[%emt 0:00:01]} 60. Kxe3 {[%emt 0:00:01]} Kb7 {[%emt 0:00:14]} 61. Kd3 {[%emt 0:00:07]} Rf4 {[%emt 0:00:03]} 62. Bc3 {[%emt 0:00:05]} g5 {[%emt 0:00:08]} 63. Be5 {[%emt 0:00:04]} Rg4 {[%emt 0:00:10]} 64. Bf6 {[%emt 0:00:14]} h4 {[%emt 0:00:04]} 65. Kc3 {[%emt 0:00:02]} h3 {[%emt 0:00:05]} 66. a5 {[%emt 0:00:07]} Rb4 {[%emt 0:00:04]} 67. b6 {[%emt 0:00:10]} Rb5 {[%emt 0:00:04]} 68. Bxg5 {[%emt 0:00:03]} Rxa5 {[%emt 0:00:01]} 69. Bd8 {[%emt 0:00:01]} Ra1 {[%emt 0:00:14]} 70. Bc7 {[%emt 0:00:01]} Rc1+ {[%emt 0:00:03]} 71. Kd3 {[%emt 0:00:01]} Kc6 {[%emt 0:00:01]} 72. Kd2 {[%emt 0:00:02]} Rb1 {[%emt 0:00:02]} 73. Kc2 {[%emt 0:00:01]} Rg1 {[%emt 0:00:02]} 74. Kc3 {[%emt 0:00:02]} Rg4 {[%emt 0:00:04]} 75. Kd3 {[%emt 0:00:01]} Rb4 {[%emt 0:00:14]} 76. Kc3 {[%emt 0:00:00]} Re4 77. Kd3 {[%emt 0:00:00]} Rg4 {[%emt 0:00:09]} 78. Kc2 {[%emt 0:00:00]} Rg6 {[%emt 0:00:01]} 79. Kd3 {[%emt 0:00:00]} Rg1 {[%emt 0:00:00]} 80. Kc3 {[%emt 0:00:00]} Rg4 {[%emt 0:00:00]} 81. Kd3 {[%emt 0:00:00]} Rb4 {[%emt 0:00:00]} 82. Kc3 {[%emt 0:00:00]} Kd5 {[%emt 0:00:00]} 83. Bd8 {[%emt 0:00:00]} Kc6 {[%emt 0:00:21]} 84. Bc7 {[%emt 0:00:00]} Rg4 {[%emt 0:00:02]} 85. Kd3 {[%emt 0:00:00]} Rb4 {[%emt 0:00:09]} 86. Kc3 {[%emt 0:00:00]} Kd5 {[%emt 0:00:02]} 87. Bd8 {[%emt 0:00:00]} Ke5 1/2-1/2